Quiz sur 1978 - Statistiques

Statistiques générales
  • Ce quiz a été pris 34 fois
  • Le résultat moyen est 9 sur 20
Statistiques - réponses
Hint Réponse % Correct
Chanteur français dont la mort tragique en 1978 dû à un incident électrique a ému tout un pays Claude François
97%
Voiture allemande très vendue, dont la 16 500 000ème et dernière sort des usines de Wolfsbourg en 1978 Coccinelle
73%
Pape qui commence son pontificat en 1978, à la suite de la mort prématurée de son prédécesseur nommé comme lui Jean-Paul II
73%
Constructeur automobile français qui rachète des usines Chrysler européennes au cours de l'année Peugeot
70%
"Pays" dans lequel Chiang-Ching-kuo devient chef d'état à a succession de son père Taiwan
67%
Endroit où l'armistice de fin des hostilités entre Palestiniens et Israéliens se tient en présence du président américain Jimmy Carter Camp David
61%
Club anglais vainqueur de la "LDC" en 1978 Liverpool
61%
Peine à laquelle est condamné le premier ministre pakistanais cette année-là Peine de mort
61%
Astronaute français, né en 1978 Thomas Pesquet
61%
Bateau pétrolier dont le naufrage provoqua une marée noire en Bretagne Amoco Cadiz
52%
Pays dans lequel la catastrophe de Los Alfaques provoqua 180 morts dans un camping à la suite de l'explosion d'un camion citerne Espagne
45%
Homme d'état italien de la Démocratie Chrétienne enlevé et assassiné par les Brigades Rouges en 1978 Aldo Moro
42%
Autre pays du Pacifique qui devient autonome le 1er octobre Tuvalu
42%
Célèbre gardien de but de la Squadra Azurra, champion du Monde 2006, né en 1978 Gianluigi Buffon
36%
Zone autour d'un endroit particulier que les Etats-Unis rétrocèdent au pays d'Amérique Centrale dans lequel il se trouve en 1978 Canal de Panama
33%
Pays des Antilles anciennement associé à la couronne britannique qui accède à l'indépendance en 1978 Dominique
27%
Pays d'Océanie qui obtient son indépendance des Britanniques le 7 juillet Salomon
24%
Plan d'action des dictatures sud-américaines contre les dissidents politiques, qui font deux morts uruguayens au Brésil en 1978 Opération Condor
12%
Secte américaine dirigée par Jim Jones, dans laquelle les fidèles commettent un suicide collectif au Guyana Temple du Peuple
9%
Révolte populaire qui éclate à Pékin au cours de l'année, à la suite de dazibaos critiquant le pouvoir de Mao Printemps de Pékin
0%
Aucun quiz correspondant
Distribution des résultats
% des personnes avec chaque résultat
Percentile par nombre de réponses
Votre historique - résultats
Vous n’avez pas pris ce quiz